<?xml version="1.0" encoding="UTF-8"?>
<record
    xmlns:xsi="http://www.w3.org/2001/XMLSchema-instance"
    xsi:schemaLocation="http://www.loc.gov/MARC21/slim http://www.loc.gov/standards/marcxml/schema/MARC21slim.xsd"
    xmlns="http://www.loc.gov/MARC21/slim">

  <leader>00903nam a2200253 i 4500</leader>
  <controlfield tag="001">13044</controlfield>
  <controlfield tag="003">ES-MaACL</controlfield>
  <controlfield tag="005">20250630032851.0</controlfield>
  <controlfield tag="007">t|</controlfield>
  <controlfield tag="008">970303s1996    sp           ||||0| spa j</controlfield>
  <datafield tag="020" ind1=" " ind2=" ">
    <subfield code="a">84-7793-514-9</subfield>
  </datafield>
  <datafield tag="040" ind1=" " ind2=" ">
    <subfield code="a">M-BN </subfield>
    <subfield code="b">spa </subfield>
    <subfield code="c">M-BN</subfield>
  </datafield>
  <datafield tag="080" ind1=" " ind2=" ">
    <subfield code="a">339.5(460.355 C.)"16"</subfield>
  </datafield>
  <datafield tag="100" ind1="1" ind2=" ">
    <subfield code="a">Carrasco Gonz&#xE1;lez, Mar&#xED;a Guadalupe.</subfield>
    <subfield code="9">35558</subfield>
  </datafield>
  <datafield tag="245" ind1="1" ind2="4">
    <subfield code="a">Los instrumentos del comercio colonial en el C&#xE1;diz del siglo XVII (1650-1700) / </subfield>
    <subfield code="c">M&#xAA; Guadalupe Carrasco Gonz&#xE1;lez.</subfield>
  </datafield>
  <datafield tag="260" ind1=" " ind2=" ">
    <subfield code="a">[Madrid] : </subfield>
    <subfield code="b">Banco de Espa&#xF1;a, Servicio de Estudios, </subfield>
    <subfield code="c">1996.</subfield>
  </datafield>
  <datafield tag="300" ind1=" " ind2=" ">
    <subfield code="a">210 p. ; </subfield>
    <subfield code="c">24 cm.</subfield>
  </datafield>
  <datafield tag="490" ind1="1" ind2=" ">
    <subfield code="a">Estudios de historia econ&#xF3;mica ; </subfield>
    <subfield code="v">35</subfield>
  </datafield>
  <datafield tag="651" ind1=" " ind2="4">
    <subfield code="a">C&#xE1;diz-</subfield>
    <subfield code="x">Comercio exterior-</subfield>
    <subfield code="y">S.XVII.</subfield>
    <subfield code="9">7914</subfield>
  </datafield>
  <datafield tag="710" ind1="2" ind2="0">
    <subfield code="a">Banco de Espa&#xF1;a</subfield>
    <subfield code="9">2104</subfield>
  </datafield>
  <datafield tag="830" ind1="0" ind2=" ">
    <subfield code="a">Estudios de historia econ&#xF3;mica ; </subfield>
    <subfield code="v">35</subfield>
    <subfield code="9">179607</subfield>
  </datafield>
  <datafield tag="852" ind1=" " ind2=" ">
    <subfield code="a">ES-MaACL</subfield>
    <subfield code="j">L-20433 </subfield>
    <subfield code="b">R.125550</subfield>
  </datafield>
  <datafield tag="999" ind1=" " ind2=" ">
    <subfield code="c">13044</subfield>
    <subfield code="d">13044</subfield>
  </datafield>
  <datafield tag="952" ind1=" " ind2=" ">
    <subfield code="0">0</subfield>
    <subfield code="1">0</subfield>
    <subfield code="4">0</subfield>
    <subfield code="7">0</subfield>
    <subfield code="a">ATENEOM</subfield>
    <subfield code="b">ATENEOM</subfield>
    <subfield code="c">DEPO2</subfield>
    <subfield code="d">2008-01-17</subfield>
    <subfield code="e">SC</subfield>
    <subfield code="l">0</subfield>
    <subfield code="o">L-20433</subfield>
    <subfield code="p">1013284</subfield>
    <subfield code="r">2023-02-23 00:00:00</subfield>
    <subfield code="w">2023-02-23</subfield>
    <subfield code="y">MONOGRAFIA</subfield>
  </datafield>
</record>
